000 00483nam a2200181 a 4500
001 23418
005 20180713221500.0
008 140415s1968 sp 000 0 spa d
041 _aspa
082 _a335.4382
_bBER
100 1 _aBERDIAEV, NICOLAS
245 1 3 _aEL CRISTIANISMO Y EL PROBLEMA DEL COMUNISMO
250 _a9A ED.
260 _aESPAÑA :
_bESPASA-CALPE,
_c1968
300 _a144
490 _aAUSTRAL
_v26
650 1 4 _aCOMUNISMO E IGLESIA CATOLICA
999 _c23418
_d23418